[Event "Feffernitz op 28th"]
[Site "Feffernitz"]
[Date "2019.08.25"]
[Round "9"]
[White "Swati, Mohota"]
[Black "Riemelmoser, Franz"]
[Result "1/2-1/2"]
[WhiteElo "2004"]
[BlackElo "2244"]
[PlyCount "97"]
[EventDate "2019.08.18"]
[EventType "swiss"]
[EventRounds "9"]
[EventCountry "AUT"]
[SourceTitle "EXT 2020"]
[Source "ChessBase"]
[SourceDate "2019.10.17"]
[SourceVersion "1"]
[SourceVersionDate "2019.10.17"]
[SourceQuality "1"]

1. d4 e6 2. c4 Nf6 3. Nc3 Bb4 4. e3 b6 5. Bd2 0-0 6. Bd3 Bb7 7. Nf3 d5 8. cxd5 exd5 9. 0-0 a6 10. a3 Bd6 11. b4 Nbd7 12. Qb3 Re8 13. a4 c6 14. b5 axb5 15. axb5 c5 16. Qb2 Rxa1 17. Rxa1 Bb8 18. Bf5 Qc7 19. g3 Ne4 20. Nxe4 dxe4 21. Ne1 cxd4 22. exd4 Nf6 23. Bf4 Qd8 24. Bxb8 Qxb8 25. Nc2 Bc8 26. Bxc8 Rxc8 27. Nb4 Qd6 28. Ra7 h6 29. Nc6 Re8 30. Ne5 Qd5 31. Qa2 Qxa2 32. Rxa2 Nd5 33. Ra7 f6 34. Nc6 e3 35. fxe3 Rxe3 36. Rd7 Nc3 37. Rb7 Nxb5 38. Rxb6 Nc3 39. Rb7 Re1+ 40. Kf2 Re2+ 41. Kg1 Kf8 42. Rd7 Rd2 43. g4 g5 44. h3 Rd3 45. Kg2 Ne2 46. Rd8+ Kf7 47. Rd7+ Kf8 48. Rd8+ Kf7 49. Rd7+ 1/2-1/2

[Event "AUT-chT 1819"]
[Site "Austria"]
[Date "2018.11.18"]
[Round "4.2"]
[White "Riemelmoser, Franz"]
[Black "Hausner, Ivan"]
[Result "1-0"]
[WhiteElo "2276"]
[BlackElo "2331"]
[PlyCount "113"]
[EventDate "2018.11.15"]
[EventType "team-tourn"]
[EventRounds "11"]
[EventCountry "AUT"]
[SourceTitle "CBM 187 Extra"]
[Source "ChessBase"]
[SourceDate "2018.11.04"]
[SourceVersion "1"]
[SourceVersionDate "2018.11.04"]
[SourceQuality "1"]
[WhiteTeam "St Veit"]
[BlackTeam "Mayrhofen/Zillertal"]
[WhiteTeamCountry "AUT"]
[BlackTeamCountry "AUT"]

1. c4 g6 2. g3 Bg7 3. Bg2 e5 4. Nc3 Ne7 5. e4 d6 6. d3 c6 7. Be3 Be6 8. Qd2 h6 9. Nge2 Na6 10. b3 Qd7 11. d4 Bh3 12. 0-0 h5 13. dxe5 dxe5 14. Qxd7+ Bxd7 15. h4 Bh6 16. f4 Ng8 17. Nd1 Nf6 18. Nf2 Ng4 19. Nxg4 Bxg4 20. Bf3 exf4 21. gxf4 Bg7 22. Rad1 Bf6 23. Bd4 Bxd4+ 24. Rxd4 Nc5 25. Kf2 Ke7 26. Rfd1 Bxf3 27. Kxf3 a5 28. f5 Rag8 29. a3 gxf5 30. exf5 Rg4 31. Nf4 Nxb3 32. f6+ Kxf6 33. Nxh5+ Rxh5 34. Kxg4 Rh7 35. Rf4+ Ke7 36. Re4+ Kf8 37. Re5 a4 38. Rd8+ Kg7 39. Rd7 Kf6 40. Rg5 Ke6 41. Rd1 f5+ 42. Kh3 Nc5 43. Rf1 Rf7 44. Rg6+ Ke5 45. h5 Ne4 46. h6 Rd7 47. Rg7 Rd3+ 48. Kh4 Rd2 49. Rh1 Rd6 50. Kh5 Nf6+ 51. Kg6 Ng4+ 52. Kg5 Nxh6 53. Rxh6 Rd3 54. Re7+ Kd4 55. Rd6+ Kxc4 56. Rxd3 Kxd3 57. Rxb7 1-0

[Event "AUT-chT2M 1718"]
[Site "Austria"]
[Date "2018.02.11"]
[Round "9.1"]
[White "Berczes, David"]
[Black "Riemelmoser, Franz"]
[Result "0-1"]
[WhiteElo "2494"]
[BlackElo "2325"]
[PlyCount "80"]
[EventDate "2017.10.27"]
[EventType "team-tourn"]
[EventRounds "11"]
[EventCountry "AUT"]
[SourceTitle "EXT 2019"]
[Source "ChessBase"]
[SourceDate "2018.10.10"]
[SourceVersion "1"]
[SourceVersionDate "2018.10.10"]
[SourceQuality "1"]
[WhiteTeam "Leoben"]
[BlackTeam "Villach Admira"]
[WhiteTeamCountry "AUT"]
[BlackTeamCountry "AUT"]

1. Nf3 Nf6 2. c4 c5 3. Nc3 g6 4. d4 cxd4 5. Nxd4 Bg7 6. e4 d6 7. Be2 Nc6 8. Be3 Nd7 9. Qd2 Nc5 10. Nc2 Qa5 11. f3 f5 12. Nd5 Qxd2+ 13. Kxd2 0-0 14. b4 f4 15. Nxf4 Bxa1 16. Rxa1 e5 17. Nd5 Ne6 18. Kc3 Kg7 19. Rd1 Ncd8 20. g3 Nf7 21. f4 b6 22. h4 Bb7 23. Kb3 Rac8 24. Na3 Nc7 25. Nxc7 Rxc7 26. Nb5 Re7 27. f5 Bxe4 28. fxg6 hxg6 29. Nxd6 Bf3 30. Nf5+ gxf5 31. Bxf3 Rd8 32. Rxd8 Nxd8 33. c5 bxc5 34. bxc5 Ne6 35. Kc4 Kf6 36. g4 e4 37. Bg2 f4 38. Bd2 Rh7 39. Bc3+ Kf7 40. a3 f3 0-1

[Event "AUT-chT2M 1718"]
[Site "Austria"]
[Date "2018.02.10"]
[Round "8.1"]
[White "Riemelmoser, Franz"]
[Black "Gonda, Laszlo"]
[Result "1-0"]
[WhiteElo "2325"]
[BlackElo "2500"]
[PlyCount "63"]
[EventDate "2017.10.27"]
[EventType "team-tourn"]
[EventRounds "11"]
[EventCountry "AUT"]
[SourceTitle "EXT 2019"]
[Source "ChessBase"]
[SourceDate "2018.10.10"]
[SourceVersion "1"]
[SourceVersionDate "2018.10.10"]
[SourceQuality "1"]
[WhiteTeam "Villach Admira"]
[BlackTeam "St Valentin"]
[WhiteTeamCountry "AUT"]
[BlackTeamCountry "AUT"]

1. c4 e5 2. g3 Nc6 3. Nc3 Bc5 4. Bg2 d6 5. e3 a6 6. Nge2 Ba7 7. d4 h5 8. h3 Nge7 9. b3 h4 10. g4 f5 11. dxe5 fxg4 12. exd6 gxh3 13. Bxh3 Bxh3 14. Rxh3 Qd7 15. Rh1 cxd6 16. Ba3 0-0-0 17. Qc2 Bc5 18. Bxc5 dxc5 19. Rd1 Qg4 20. Rxd8+ Nxd8 21. Qe4 Qxe4 22. Nxe4 Ne6 23. f4 Nf5 24. Kf2 Kb8 25. Kf3 Ka7 26. N2g3 Nxg3 27. Nxg3 b5 28. Ne4 bxc4 29. bxc4 Rb8 30. Rxh4 Rb2 31. Rg4 Rxa2 32. f5 1-0

[Event "AUT-chT2M 1718"]
[Site "Austria"]
[Date "2017.10.28"]
[Round "2.1"]
[White "Riemelmoser, Franz"]
[Black "Milanovic, Danilo"]
[Result "0-1"]
[WhiteElo "2359"]
[BlackElo "2488"]
[PlyCount "89"]
[EventDate "2017.10.27"]
[EventType "team-tourn"]
[EventRounds "11"]
[EventCountry "AUT"]
[SourceTitle "CBM 181 Extra"]
[Source "ChessBase"]
[SourceDate "2017.12.12"]
[SourceVersion "1"]
[SourceVersionDate "2017.12.12"]
[SourceQuality "1"]
[WhiteTeam "Villach Admira"]
[BlackTeam "Pinggau Friedberg"]
[WhiteTeamCountry "AUT"]
[BlackTeamCountry "AUT"]

1. c4 c5 2. g3 Nf6 3. Bg2 d5 4. cxd5 Nxd5 5. Nc3 Nc7 6. Nf3 Nc6 7. 0-0 e5 8. a3 f6 9. e3 Be7 10. d4 cxd4 11. exd4 exd4 12. Ne2 d3 13. Nf4 0-0 14. Qb3+ Kh8 15. Be3 Na5 16. Qxd3 g5 17. Ng6+ hxg6 18. Qxg6 Qe8 19. Qh6+ Kg8 20. Nxg5 Bf5 21. Rac1 Nc6 22. Nf3 Qg6 23. Nd4 Qxh6 24. Bxh6 Nxd4 25. Rxc7 Rfe8 26. Rxb7 Rab8 27. Rxa7 Rxb2 28. Re1 Ne2+ 29. Kh1 Bc5 30. Bd5+ Be6 31. Rg7+ Kh8 32. Be4 Bg8 33. f3 Bf8 34. Rg6 Bxh6 35. Rxh6+ Kg7 36. Rg6+ Kf7 37. Rg4 f5 38. Bd5+ Kf6 39. Rxg8 Nxg3+ 40. Rxg3 Rxe1+ 41. Rg1 Ree2 42. Ra1 Rxh2+ 43. Kg1 Ke5 44. Bc6 Kf4 45. a4 0-1

[Event "AUT-chT2M 1516"]
[Site "Austria"]
[Date "2016.04.15"]
[Round "9.2"]
[White "Riemelmoser, Franz"]
[Black "Sandhoefner, Florian"]
[Result "0-1"]
[WhiteElo "2291"]
[BlackElo "2250"]
[PlyCount "111"]
[EventDate "2015.10.02"]
[EventType "team-tourn"]
[EventRounds "11"]
[EventCountry "AUT"]
[SourceTitle "EXT 2017"]
[Source "ChessBase"]
[SourceDate "2016.10.25"]
[SourceVersion "1"]
[SourceVersionDate "2016.10.25"]
[SourceQuality "1"]
[WhiteTeam "Villach Admira"]
[BlackTeam "St Valentin"]
[WhiteTeamCountry "AUT"]
[BlackTeamCountry "AUT"]

1. c4 Nf6 2. g3 c6 3. Bg2 d5 4. Nf3 dxc4 5. 0-0 e6 6. a4 Qd5 7. Nc3 Qa5 8. b3 cxb3 9. Qxb3 Nbd7 10. d4 Bb4 11. Na2 Be7 12. Bd2 Qb6 13. Qc2 a5 14. e4 0-0 15. Rab1 Qd8 16. Rfd1 Nb8 17. Ne5 Na6 18. Nc4 Nb4 19. Nxb4 axb4 20. Rxb4 Qxd4 21. Rbb1 b5 22. axb5 cxb5 23. Rxb5 Ba6 24. Bb4 Qa7 25. Bxe7 Bxb5 26. Bxf8 Ba4 27. Qd2 Bxd1 28. Bxg7 Kxg7 29. Qg5+ Kf8 30. Qxf6 Qa1 31. Qxa1 Rxa1 32. Bf1 Be2 33. Ne3 Bf3 34. e5 Re1 35. h3 Be2 36. Kg2 Bxf1+ 37. Nxf1 Rxe5 38. Kf3 Kg7 39. Ne3 f5 40. Kg2 Kf6 41. Kf3 Re4 42. Kg2 Ra4 43. Kf3 e5 44. Nd5+ Kg5 45. Ne3 f4 46. gxf4+ exf4 47. Nd5 Ra3+ 48. Kg2 h5 49. Ne7 f3+ 50. Kh2 h4 51. Nc6 Ra2 52. Ne5 Rxf2+ 53. Kg1 Rg2+ 54. Kh1 Rg3 55. Nd3 Kf5 56. Nf2 0-1

[Event "Latschach op 28th"]
[Site "Latschach"]
[Date "2012.08.13"]
[Round "4"]
[White "Danner, Lambert"]
[Black "Riemelmoser, Franz"]
[Result "1/2-1/2"]
[WhiteElo "2036"]
[BlackElo "2316"]
[PlyCount "85"]
[EventDate "2012.08.11"]
[EventType "swiss"]
[EventRounds "9"]
[EventCountry "AUT"]
[SourceTitle "CBM 149 Extra"]
[Source "ChessBase"]
[SourceDate "2012.08.24"]
[SourceVersion "1"]
[SourceVersionDate "2012.08.24"]
[SourceQuality "1"]

1. g3 c5 2. Bg2 g6 3. d3 Bg7 4. c3 Nc6 5. f4 d5 6. Nf3 e6 7. 0-0 Nge7 8. e4 0-0 9. Qe2 b5 10. Be3 d4 11. Bd2 Rb8 12. Rc1 Qb6 13. e5 h5 14. cxd4 Nxd4 15. Nxd4 cxd4 16. Bb4 Re8 17. Bd6 Rb7 18. Bxb7 Bxb7 19. Nd2 Nf5 20. Ne4 Bd5 21. Bc5 Qb7 22. Nd6 Nxd6 23. Bxd6 Bf8 24. Bc5 h4 25. gxh4 Bxc5 26. Rxc5 Qe7 27. Rac1 Qxh4 28. Qf2 Qg4+ 29. Qg3 Qe2 30. R5c2 Qh5 31. Rf2 Bxa2 32. h3 Bd5 33. Qg4 Qh6 34. Rfc2 a5 35. Rc7 a4 36. Ra7 Qf8 37. Qg5 Qb4 38. Qf6 Rf8 39. Rxf7 Rxf7 40. Rc8+ Rf8 41. Qxg6+ Kh8 42. Qh6+ Kg8 43. Qg6+ 1/2-1/2